Statistics for FIFA Ballon D'Or 2014

Click here to take the quiz!

General Stats

  • This quiz has been taken 132 times
  • The average score is 17 of 23

Answer Stats

RankPlayerClub% Correct
1Cristiano RonaldoReal Madrid
99%
2Lionel MessiBarcelona
99%
3Manuel NeuerBayern Munich
95%
7NeymarBarcelona
92%
5Thomas MüllerBayern Munich
91%
4Arjen RobbenBayern Munich
90%
9Toni KroosBayern/Real Madrid
88%
6Philipp LahmBayern Munich
85%
17Andrés IniestaBarcelona
81%
13Zlatan IbrahimovićPSG
78%
8James RodríguezMonaco/Real Madrid
73%
23Sergio RamosReal Madrid
73%
10Ángel Di MariaReal Madrid/Man United
72%
12Gareth BaleReal Madrid
69%
16Karim BenzemaReal Madrid
69%
11Diego CostaAtletico Madrid/Chelsea
64%
21Eden HazardChelsea
62%
18Bastian SchweinsteigerBayern Munich
56%
14Yaya TouréManchester City
56%
22Paul PogbaJuventus
55%
20Thibaut CourtoisAtletico Madrid/Chelsea
47%
15Mario GötzeBayern Munich
35%
19Javier MascheranoBarcelona
33%

Score Distribution

Percentile by Number Answered

Percent of People with Each Score

Your Score History

You have not taken this quiz